|
|
แสดงรายละเอียดบรรณานุกรม |
|
|
Brief Record
: Get Marc (ISO 2709)
: E-mail record
: |
|
|
| LEADER 00000nam 2200000uu 4500 | |||
| 001 206091 | |||
| 003 ULIBM | |||
| 008 110613s2553||||th 000 0 tha d | |||
| 020 978-974-03-2614-4 | |||
| 060 0 WM 171 ส661ร 2553. | |||
| 100 0 ^aสายฝน เอกวรางกูร. | |||
| 245 00 ^aรู้จัก เข้าใจ ดูแล ภาวะซึมเศร้า./^bสายฝน เอกวรางกูร. | |||
| 260 ^aกรุงเทพฯ : ^bจุฬาลงกรณ์มหาวิทยาลัย,^c2553. | |||
| 300 ^aจำนวน 245 หน้า ;^bภาพประกอบ. | |||
| 650 0 ^aความซึมเศร้า. | |||
| 650 0 ^aความซึมเศร้า - - ^xการศึกษา. | |||
| 999 ^aใช้งานได้ทุกระบบ | |||
| คุณยังไม่ได้ล็อกอิน คุณสามารถมีกิจกรรมร่วมกับเว็บไซต์ได้ แต่ต้องล็อกอินก่อน :: |
|
| สถานะ | |||||||||
| 1. | หนังสือทั่วไป | WM 171 ส661ร 2553. ฉ.5 | On Shelf ขอยืม | ||||||
| 2. | หนังสือทั่วไป | WM 171 ส661ร 2553. ฉ.7 | On Shelf ขอยืม | ||||||
| [แสดง 2/2 รายการ] | |||||||||
| รายการใกล้เคียง ผู้แต่ง [สายฝน เอกวรางกูร.] หัวเรื่อง [ความซึมเศร้า.]
|
BibComment |
| คอมเมนท์ทรัพยากรรายการนี้ |
|
|